• 首页
  • 本馆介绍
  • 公告通知
  • 最新文献
  • 馆藏检索
  • 电子资源
  • 读者导购
  • 参考咨询
  • 我的图书馆
  • 登录
  • 详细信息显示
  • 放入我的书架
  • 预约/预借图书
  • 作者相关作品
  • 分类相关作品
  • 丛书相关作品
  • 出版社相关作品

书目信息

  • 表格格式
  • 工作单格式
  • 卡片格式
题名:
机电传动控制技术及设计方法研究
    
 
作者: 肖中俊 著
分册:  
出版信息: 北京   中国水利水电出版社  2015.09
页数: 234页
开本: 26cm
丛书名:
单 册:
中图分类: TM921.5
科图分类:
主题词: 电力传动
电子资源:
ISBN: 978-7-5170-3696-8
000 00631nam0 2200205 450
001 640
005 20160908111000.34
010    @a978-7-5170-3696-8@dCNY45.00
092    @bJI
100    @a20160723d2015 km y0chiy0120 ea
101 0  @achi
102    @aCN@b110000
200 1  @a机电传动控制技术及设计方法研究@Aji dian chuan dong kong zhi ji shu ji she ji fang fa yan jiu@f肖中俊著@Fxiao zhong jun zhu
210    @a北京@c中国水利水电出版社@d2015.09
215    @a234页@d26cm
606 0  @a电力传动
690    @aTM921.5@v4
701  0 @a肖中俊@Axiao zhong jun@4著
801  0 @aCN@b唐山师范学院图书馆@c20160723
905    @aZUCC@dTM921.5@e127
    
    机电传动控制技术及设计方法研究/肖中俊著.-北京:中国水利水电出版社,2015.09
    234页;26cm
    
    
    ISBN 978-7-5170-3696-8:CNY45.00
    
●
相关链接 在E读中查询图书 在五车中查询图书 在当当中查询图书 在豆瓣中查询图书


正题名:机电传动控制技术及设计方法研究     索取号:TM921.5/127         预约/预借

序号 登录号 条形码 馆藏地/架位号 状态 备注
1 902727   209027275   第二样本阅览室/ [索取号:TM921.5/127] 在馆    
2 902728   209027284   第三借阅区/ [索取号:TM921.5/127] 在馆    
3 902729   209027293   第三借阅区/ [索取号:TM921.5/127] 在馆    
4 902730   209027300   密集书库-物理学院/ [索取号:TM921.5/127] 在馆    
唐山师范学院图书馆 欢迎您!
大连网信软件有限公司© 版权所有